000 00673nam a2200217 i 4500
001 C2-0086254
003 PPAK
005 20180727090912.0
008 970430s my a|||| ||||| | may d
040 _aPPAK
_beng
_cPPAK
_erda
082 0 4 _a301
_223
090 0 0 _a301
_bCHE
_dKIH
245 0 0 _aChenderamata = Souvenir :
_blawatan muhibbah dan sambil belajar pemimpin-pemimpin Belia Malaysia ka-Thailand
264 1 _aKuala Lumpur :
_bKementerian Kebudayaan Belia dan Sukan ,
300 _a48 pages :
_billustrations ;
_c27 cm
336 _2rdacontent
_atext
337 _2rdamedia
_aunmediated
338 _2rdacarrier
_avolume
650 1 0 _aSociology
942 _ddc
_cB
999 _c17575
_d17575